The Crayon Quiz Stats

Quiz Updated Oct 17, 2016

Also try: The Giraffe Quiz
Challenge
Share
Tweet
Embed
Score 0/10 Timer 04:00
0 Plays Today
Crayon-Themed Question Answer % Correct
During a 20th Season episode of her popular talk show, this host received a box of Crayola crayons which contained an appropriately named one: ''The Color Purple''.Oprah Winfrey
85.4%
Amid the civil rights movement, Crayola voluntarily renamed their no longer politically correct ''flesh'' crayon to this color, also the name of a fruit.peach
82.6%
Crayola first advertised its box of 64 crayons during ''Captain Kangaroo'' in 1958; they built this tool right into the giant box, a feature that remains to this day.sharpener
82.4%
In an Emmy Award-winning episode of ''The Simpsons'', this character's IQ rose from 55 to 105 after a crayon was surgically removed from his brain.Homer Simpson
76.9%
Crayola's brand name derives from this language's words, ''craie'' meaning ''chalk'' and ''ola'' meaning ''oily''.French
73.3%
Since 1903, when they were first sold for just five cents, Crayola's box of 8 crayons has included blue, orange, green, yellow, black, red, violet, and this color.brown
70.6%
Originally named Binney & Smith after its founders, the crayon company Crayola also produces this silicone polymer toy, popularly contained within a plastic egg.Silly Putty
68%
In February of 1996, this children's television host molded Crayola's 100 billionth crayon, a unique color named ''blue ribbon''.Fred Rogers
48.9%
In 2000, the U.S. Consumer Product Safety Commission found the fibers of this carcinogenic mineral, once used as a fire retardant, in three brands of crayons.asbestos
48%
The title character in a children's book series written by Crocket Johnson, this four-year-old boy draws the world around him with a purple crayon.Harold
37%

You're not logged in!

Compare scores with friends on all Sporcle quizzes.
Sign Up with Email
OR
Log In

You Might Also Like...

Show Comments

Extras

Top Quizzes Today


Score Distribution

Your Account Isn't Verified!

In order to create a playlist on Sporcle, you need to verify the email address you used during registration. Go to your Sporcle Settings to finish the process.